000 005220000a22001930004500
001 002676
003 MACL
005 20150812153607.0
008 150812b xxu||||| |||| 00| 0 eng d
040 _aMACL
_cMACL
041 _aEnglish
082 _a370/SAL
100 _aSalamatullah,
_95045
245 _aEducation of Muslims in Secular India
_cSalamatullah
260 _aNew Delhi
_c1994
_bCentre for Research in Rural & Industrial Development,
350 _a155
650 _aEducation
_95047
942 _k370
_cBK
_2ddc
999 _c14585
_d14585